000 00315nam a22001337a 4500
003 SGT
082 _a320.954
_bP96T
100 _aTALREJA, KANAYALAL M.
245 _aPSEUDO SECULARISM IN INDIA
260 _aINDIA
_bRASTRIYA CHETNA PRAKASHAN
_c1996
300 _a555
650 _aINDIAN POLITICS
942 _2ddc
_cBK
999 _c26314
_d26314